| 000 | 00523nam a2200181Ia 4500 | ||
|---|---|---|---|
| 008 | 240925s9999 xx 000 0 und d | ||
| 020 | _a9789332550537 | ||
| 082 | _a621.3822 SOL | ||
| 100 | _aSoliman, Samir S.; Srinath, Mandyam D. | ||
| 245 | 0 | _aContinuous and Discrete Signals and Systems | |
| 250 | _a2nd | ||
| 260 |
_aNew Delhi: _bPearson Printice Hall _c,2015. |
||
| 300 |
_axli, 804p. _b0 _fOriginal |
||
| 500 | _aIncludes Index | ||
| 600 | _aTelecommunication Engineering | ||
| 650 | _aTechnology | ||
| 942 | _cBK | ||
| 999 |
_c14588 _d14588 |
||